| 000 | 00682nam a2200253Ia 4500 | ||
|---|---|---|---|
| 005 | 20250425162359.0 | ||
| 008 | 250425s9999 xx 000 0 und d | ||
| 020 | _a9701056876 | ||
| 041 | _aspa | ||
| 082 |
_a658.404 _pBAC |
||
| 100 | _aBaca Urbina, Gabriel | ||
| 245 | 0 |
_aEvaluacion de proyectos _cGabriel, Baca Urbina |
|
| 250 | _a5a.ed. | ||
| 260 | _aD.F. | ||
| 260 |
_aMéxico _bMCGRAW-HILL INTERAMERICANA _c2006 |
||
| 300 |
_a392 páginas _bil _c30x20 cm |
||
| 650 | _aAdministración de Riesgo | ||
| 650 | _aAnálisis de Proyectos | ||
| 650 | _aEvaluación de Proyectos | ||
| 650 | _aGestión de Proyectos | ||
| 902 | _aLibro | ||
| 942 | _c01 | ||
| 010 | _a67732 | ||
| 999 |
_c228068 _d228068 |
||